MARC details
| 000 -LEADER |
| campo de control de longitud fija |
02758nam a2200433 i 4500 |
| 001 - NÚMERO DE CONTROL |
| campo de control |
195663 |
| 003 - IDENTIFICADOR DE NÚMERO DE CONTROL |
| campo de control |
SpMaBN |
| 005 - FECHA Y HORA DE LA ÚLTIMA TRANSACCIÓN |
| campo de control |
20260216183922.0 |
| 007 - CAMPO FIJO DE DESCRIPCIÓN FÍSICA--INFORMACIÓN GENERAL |
| campo de control de longitud fija |
ta |
| 008 - DATOS DE LONGITUD FIJA--INFORMACIÓN GENERAL |
| campo de control de longitud fija |
240702s2022 sp a | ||||o000 0 spa |
| 017 ## - NÚMERO DE COPYRIGHT O DE DEPÓSITO LEGAL |
| Número de copyright o de depósito legal |
CC 134-2022 |
| Agencia que asigna |
Oficina Depósito Legal Cáceres |
| 035 ## - NÚMERO DE CONTROL DEL SISTEMA |
| Número de control de sistema |
a7157126 |
| 040 ## - FUENTE DE CATALOGACIÓN |
| Centro catalogador/agencia de origen |
SpMaBN |
| Lengua de catalogación |
spa |
| Centro/agencia transcriptor |
SpMaBN |
| Normas de descripción |
rda |
| Centro/agencia modificador |
ES-MaACL |
| 080 ## - NÚMERO DE LA CLASIFICACIÓN DECIMAL UNIVERSAL |
| Número de la Clasificación Decimal Universal |
903(460.251 Montehermoso) |
| 080 ## - NÚMERO DE LA CLASIFICACIÓN DECIMAL UNIVERSAL |
| Número de la Clasificación Decimal Universal |
94(460.251 Montehermoso) |
| 245 03 - MENCIÓN DEL TÍTULO |
| Título |
El patrimonio etnográfico, arqueológico y religioso de Montehermoso / |
| Mención de responsabilidad, etc. |
José Antonio Ramos Rubio, Raul Gómez Ferreira, Juan Jesús Sánchez Alcón, Oscar de San Macario Sánchez. |
| 264 #1 - PRODUCCIÓN, PUBLICACIÓN, DISTRIBUCIÓN, FABRICACIÓN Y COPYRIGHT |
| Producción, publicación, distribución, fabricación y copyright |
Cáceres : |
| Nombre del de productor, editor, distribuidor, fabricante |
Diputación de Cáceres, |
| Fecha de producción, publicación, distribución, fabricación o copyright |
2022 |
| 300 ## - DESCRIPCIÓN FÍSICA |
| Extensión |
371 páginas : |
| Otras características físicas |
ilustraciones (blanco y negro y color) ; |
| Dimensiones |
24 cm |
| 336 ## - TIPO DE CONTENIDO |
| Término de tipo de contenido |
Texto |
| -- |
Imagen fija |
| Fuente |
rdacontent |
| 337 ## - TIPO DE MEDIO |
| Nombre/término del tipo de medio |
sin mediación |
| Fuente |
rdamedia |
| 338 ## - TIPO DE SOPORTE |
| Nombre/término del tipo de soporte |
volumen |
| Fuente |
rdacarrier |
| 500 ## - NOTA GENERAL |
| Nota general |
Precede al título: Ayuntamiento Montehermoso |
| 504 ## - NOTA DE BIBLIOGRAFÍA, ETC. |
| Nota de bibliografía, etc. |
Bibliografía: páxinas 315-321 |
| 520 ## - RESUMEN, ETC. |
| Sumario, etc. |
Esta obra ha sido investigada y escrita por cuatro investigadores extremeños, José Antonio Ramos, Juan Jesús Sánchez, Raúl Gómez y Óscar de San Mario, que han realizado una importante labor de campo y archivística para dar a conocer el patrimonio etnográfico, artístico y arqueológico de una población que cuenta con un gran número de dólmenes y restos arqueológicos en la dehesa boyal. Y que además de conservar uno de los mejores patrimonios religiosos de la provincia de Cáceres, es famoso por sus talleres artesanales y sus coloridas gorras de mujer que caracterizan sus trajes regionales, cuyo principal y más popular conjunto lo forma la "gorra montehermoseña".<br/><br/>El trabajo que presentan los cuatro autores es un compendio de historia, patrimonio cultural y etnográfico, un abanico patrimonial al que se le ha dado merecida fama entre los pueblos y ciudades monumentales de Extremadura. |
| 651 #7 - PUNTO DE ACCESO ADICIONAL DE MATERIA--NOMBRE GEOGRÁFICO |
| Nombre geográfico |
Montehermoso (Cáceres) |
| Subdivisión general |
Restos arqueológicos |
| 9 (RLIN) |
237315 |
| 651 #7 - PUNTO DE ACCESO ADICIONAL DE MATERIA--NOMBRE GEOGRÁFICO |
| Nombre geográfico |
Montehermoso (Cáceres) |
| Subdivisión general |
Historia |
| 9 (RLIN) |
237316 |
| 700 1# - ENTRADA AGREGADA--NOMBRE PERSONAL |
| Nombre de persona |
Ramos Rubio, José Antonio, |
| Fechas asociadas al nombre |
1963- |
| Término indicativo de función/relación |
Autor |
| 9 (RLIN) |
174430 |
| 700 ## - ENTRADA AGREGADA--NOMBRE PERSONAL |
| Nombre de persona |
Gómez Ferreira, Raúl |
| 9 (RLIN) |
236629 |
| Término indicativo de función/relación |
Autor |
| 700 ## - ENTRADA AGREGADA--NOMBRE PERSONAL |
| Nombre de persona |
Sánchez Alcón, Juan Jesús |
| 9 (RLIN) |
237317 |
| Término indicativo de función/relación |
Autor |
| 700 ## - ENTRADA AGREGADA--NOMBRE PERSONAL |
| Nombre de persona |
San Macario Sánchez, Óscar de |
| 9 (RLIN) |
235664 |
| Término indicativo de función/relación |
Autor |
| 852 ## - LOCALIZACIÓN |
| Ubicación |
ES-MaACL |
| Sublocalización o colección |
R.153473 |
| Ubicación en estantería |
Depósito J |
| Número de control de estantería |
N-8694 |
| Donativo/Legado |
Donación: José Antonio Ramos Rubio |
| itemnumber |
203857 |
| Encuadernación |
Encuadernación rústica con solapas |
| 903 ## - NOMBRE PERSONAL DE DONANTE |
| a |
Ramos Rubio, José Antonio, |
| d |
1963- |
| e |
Donante |
| 9 |
174430 |
| 942 ## - ELEMENTOS DE ENTRADA SECUNDARIOS (KOHA) |
| Suprimir en OPAC |
No |
| Tipo de ítem Koha |
Libro impreso |